000 00358pab a2200169 454500
008 180718b2010 xxu||||| |||| 00| 0 eng d
100 _aArun Kumar
245 _aToo many gambles
260 _c2010
300 _ap.7-11,17.
362 _a6 Mar
650 _aBudget - India
650 _aBudget
773 _aMainstream
908 _aN
909 _a85768
999 _c85768
_d85768